Making sense of the market (Record no. 79676)

MARC details
000 -LEADER
fixed length control field 00949cab a22001935a 4500
001 - CONTROL NUMBER
control field L141966
008 - FIXED-LENGTH DATA ELEMENTS--GENERAL INFORMATION
fixed length control field 080117s2007 xxk f 000 0 eng d
035 ## - SYSTEM CONTROL NUMBER
System control number (Sirsi) u141966
041 0# - LANGUAGE CODE
Language code of text/sound track or separate title eng
100 1# - MAIN ENTRY--PERSONAL NAME
Personal name Patterson, Alan
245 00 - TITLE STATEMENT
Title Making sense of the market
260 ## - PUBLICATION, DISTRIBUTION, ETC.
Date of publication, distribution, etc. 2007
490 #0 - SERIES STATEMENT
Series statement Property Forecast
Volume/sequential designation 10(11) November 2007, 2-11(2)
520 ## - SUMMARY, ETC.
Summary, etc. Discusses the correction to the UK commercial property market. Includes how long the process will take and how fundamental it will be. Provides an overview of the market. Suggests that market recovery may happen sooner than many might think. Suggests that investors develop strategic thinking around energy performance certification, quantify the need for assessors and address the implications of procuring certificates for buildings ahead of time.
590 ## - LOCAL NOTE (RLIN)
Local note KA
651 #4 - SUBJECT ADDED ENTRY--GEOGRAPHIC NAME
Geographic name United Kingdom
Chronological subdivision
690 ## - LOCAL SUBJECT ADDED ENTRY--TOPICAL TERM (OCLC, RLIN)
Topical term or geographic name as entry element PROPERTY-COMMERCIAL PROPERTY-COMMERCIAL PROPERTY MARKET
942 ## - ADDED ENTRY ELEMENTS (KOHA)
Suppress in OPAC 0
Holdings
Withdrawn status Lost status Source of classification or shelving scheme Damaged status Not for loan Home library Current library Shelving location Date acquired Total Checkouts Full call number Barcode Date last seen Copy number Price effective from Koha item type
    Dewey Decimal Classification     London London Journal article 17/01/2008   L141966 141966-1001 06/08/2019 1 06/08/2019 Journal article